Charles Dickens or William Shakespeare? Quiz Stats

 Plays Quiz Updated Jul 28, 2019

Score 0/16 Timer 01:00
26 Plays Today
Work Dickens (D) or Shakespeare (S) % Correct
Oliver Twist???
98.5%
Bleak House???
95.7%
David Copperfield???
95.6%
Nicholas Nickleby???
94.7%
Hamlet???
94.5%
Great Expectations???
93.4%
The Merchant of Venice???
93.2%
A Christmas Carol???
93.1%
Work Dickens (D) or Shakespeare (S) % Correct
Othello???
92.9%
The Pickwick Papers???
92.6%
King Lear???
92.4%
The Tempest???
92.4%
Macbeth???
92.1%
Much Ado About Nothing???
91.9%
Little Dorrit???
91%
A Midsummer Night's Dream???
90.7%

You're not logged in!

Compare scores with friends on all Sporcle quizzes.
OR
Log In

Sporcle TV

Today on Sporcle TV


Watch our educational content, quiz creation guides, and fun videos on Sporcle TV.

Show Comments

Extras

Top Quizzes Today


Score Distribution

Your Account Isn't Verified!

In order to create a playlist on Sporcle, you need to verify the email address you used during registration. Go to your Sporcle Settings to finish the process.

Report this User

Report this user for behavior that violates our Community Guidelines.

Details: